| 000 | 01048nas a2200337 4500 | ||
|---|---|---|---|
| 001 | BR2014001075 | ||
| 003 | BR-BrBNA | ||
| 005 | 20231205123720.0 | ||
| 007 | ta | ||
| 008 | 230509b bl.|||p| |||| 00| 00por d | ||
| 040 |
_aBR-BrBNA _bpor _cBiblioteca Nacional de Agricultura |
||
| 041 | _a(En) | ||
| 072 | _aU40; P31 | ||
| 100 | 1 | _aBazaglia Filho, O. | |
| 100 | 1 | _aRizzo, R. | |
| 100 | 1 | _aLepsch, I.F. | |
| 100 | 1 | _aPrado, H. do | |
| 100 | 1 | _aGomes, F.H. | |
| 100 | 1 | _aMazza, J.A. | |
| 100 | 1 | _aDemattê, J.A.M. | |
| 245 | 1 | _aComparison between detailed digital and conventional soil maps of an area with complex geology | |
| 650 | _aPROGRAMA DE COMPUTADOR | ||
| 650 | _aSOLO | ||
| 650 | _aCARTOGRAFIA | ||
| 650 | _aPEDOLOGIA | ||
| 650 | _aSENSORIAMENTO REMOTO | ||
| 773 | 0 |
_tRevista Brasileira de Ciência do Solo (Brazil) _xISSN 0100-0683 _g(Sep-Oct 2013), v. 37(5) p. 1136-1148 _wBR2014001075 |
|
| 856 | 4 | 0 | _uhttp://www.scielo.br/pdf/rbcs/v37n5/03.pdf |
| 909 |
_a202311 _bLúcia _c55 _dLúcia Elande |
||
| 942 |
_2AGRIS _n0 _cANA |
||
| 999 |
_c235329 _d235329 |
||